| 000 | 00928nam a2200277 a 4500 | ||
|---|---|---|---|
| 001 | 51068 | ||
| 003 | BD-RjUL | ||
| 005 | 20211209075615.0 | ||
| 008 | 160829s1967 nyu b 001 0 eng | ||
| 035 | _a(BD-RjUL)51188 | ||
| 040 |
_aDLC _cDLC _dDLC _dBD-RjUL _beng |
||
| 041 | _aeng | ||
| 082 | 0 | 0 |
_223 _a514.24 _bGAC 1967 |
| 100 | 1 |
_aGabriel, P. _9152771 |
|
| 245 | 1 | 0 |
_aCalculus of fractions and homotopy theory / _cP. Gabriel and M. Zisman. |
| 260 |
_aNew York : _bSpringer-Verlag, _cc1967. |
||
| 300 |
_ax, 168 p. ; _c24 cm. |
||
| 504 | _aInclude bibliography and index. | ||
| 650 | 0 |
_aHomology theory. _9138661 |
|
| 650 | 0 |
_aHomotopy theory. _9138202 |
|
| 650 | 0 |
_aCategories (Mathematics) _9152026 |
|
| 700 | 1 |
_aZisman, M. _ejoint author. _9152773 |
|
| 830 |
_aErgebnisse der Mathematik und ihrer Grenzgebiete, _vBd. 35 _9152774 |
||
| 942 |
_2ddc _cBK |
||
| 999 |
_c51068 _d51068 |
||